| 000 | 00382cam a2200133 a 4500 | ||
|---|---|---|---|
| 040 | _cDLC | ||
| 082 | 0 | 0 | _a338 NEP 1993 C155 Or. |
| 100 | 1 | _aGuerrero, Rafael D. | |
| 245 | 1 | 0 | _aIntroduction to fish culture in the Philippines / |
| 260 |
_aManila, Philippines : _bPhilippine Education Co., _cc1981. |
||
| 300 |
_ax, 70 p. : _bill. ; _c23 cm. |
||
| 650 | 0 | _aFish culture | |
| 942 | _cAEDBB | ||
| 999 |
_c19258 _d19258 |
||